| 000 | 01070cam a2200229 4500 | ||
|---|---|---|---|
| 001 | ABS62795 | ||
| 008 | 000000n2000 000 0 eng u | ||
| 035 | _a(Sirsi) u108266 | ||
| 245 | _aCaradon DC v Paton and another | ||
| 260 | _c2000 | ||
| 490 |
_aEstates Gazette _v[2000] 35 EG 132-136(5) |
||
| 520 | _aCA 10 May 2000. C were owners of two houses previously occupied by tenants. The houses were sold to the tenants under the right to buy provisions of the Housing Act 1980. C brought proceedings against the present owners of the houses, claiming that their use of the properties was against a restrictive covenant - in that they were using them for holiday purposes only and not living in them. Court held that the properties were being used as private dwelling houses. C appealed. Appeal allowed. | ||
| 590 | _aABS | ||
| 650 | _aRESTRICTIVE COVENANT | ||
| 650 | _aBREACH OF COVENANT | ||
| 650 | _aRIGHT TO BUY | ||
| 650 | _aHOLIDAY HOMES | ||
| 650 | _aSHORT LETS | ||
| 650 | _aBUSINESS USE | ||
| 690 | _aPROPERTY AND LAND LAW-CASE LAW | ||
| 942 | _n0 | ||
| 999 |
_c64644 _d64644 |
||